000 00522nam a2200169 i 4500
001 81677
003 ES-MaACL
005 20230906174504.0
007 t|
008 041105s1957 sp ||||1| spa d
100 1 _aHulme, Kathryn.
_964697
245 1 0 _aHistoria de una monja /
_cKathryn Hulme ; [versión española de Rafael Santos Torroella].
260 _aBarcelona :
_bExito,
_c[1957] (
_fDuplex)
300 _a360 p. ;
_c20 cm.
700 1 _aSantos Torroella, Rafael.
_9103536
852 _aES-MaACL
_jC-14650
_bR.41197
999 _c81677
_d81677